Countries with the highest average Scrabble letter score - Statistics

General Stats
  • This quiz has been taken 889 times
  • The average score is 9 of 17
Answer Stats
Score per letter Country % Correct
3.25 Zimbabwe
78%
3.17 Zambia
75%
3.00 Kyrgyzstan
72%
3.00 Kazakhstan
71%
2.83 Brazil
69%
2.80 Qatar
66%
2.50 Uzbekistan
62%
2.83 Mexico
60%
3.40 Mozambique
60%
2.80 Azerbaijan
53%
2.80 Japan
52%
3.25 Iraq
44%
3.50 Fiji
35%
2.83 Belize
33%
2.57 Jamaica
33%
2.69 Czech Republic
28%
2.50 Chad
18%
No matching quizzes found
Score Distribution
Percent of People with Each Score
Percentile by Number Answered
Your Score History
You have not taken this quiz